[Event "Crunchlabs Play-In Match D1"]
[Site "chess.com INT"]
[Date "2024.07.18"]
[Round "2.1"]
[White "Duda, J."]
[Black "Antipov, M2."]
[Result "1-0"]
[WhiteElo "2733"]
[BlackElo "2602"]
[PlyCount "45"]
[EventDate "2024.07.18"]
[EventType "k.o."]

1. Nf3 c5 2. b3 d5 3. e3 a6 4. Bb2 Nc6 5. d4 cxd4 6. Nxd4 Nxd4 7. Qxd4 ({RR} 7. Bxd4 f6 8. c4 e5 9. Bc3 Be6 10. cxd5 Qxd5 11. Nd2 Rc8 12. e4 Qc6 13. Rc1 Ba3 14. Bb2 Qxc1 15. Bxc1 Rxc1 16. Bc4 Rxd1+ 17. Kxd1 Bxc4 18. Nxc4 Bc5 19. Ke2 Ne7 20. Rc1 Nc6 21. Nxe5 fxe5 {Badacsonyi,F (2258)-Guseynov,A (2316) chess.com INT 2024 0-1}) 7... Nf6 8. Nd2 e6 9. Bd3 Bd7 $146 ({RR} 9... Qa5 10. a3 Bc5 11. Qh4 Qd8 12. O-O Be7 13. Rfd1 Bd7 14. c4 Bc6 15. Rac1 O-O 16. Bxf6 {1-0 (16) Duda,J (2732)-Piesik,P (2426) chess.com INT 2023}) 10. O-O Be7 11. Rfd1 O-O 12. c4 Bc6 13. Nf3 h6 14. Ne5 Be8 15. cxd5 Qxd5 16. Qh4 Rd8 17. Bc2 Qa5 18. h3 Bb5 19. Ng4 Be2 20. Nxf6+ Bxf6 21. Bxf6 Bxd1 22. Bxd8 Rxd8 23. b4 1-0

[Event "Crunchlabs Play-In Match D1"]
[Site "chess.com INT"]
[Date "2024.07.18"]
[Round "2.3"]
[White "Andreikin, D."]
[Black "Fedoseev, Vl3"]
[Result "1-0"]
[WhiteElo "2729"]
[BlackElo "2687"]
[PlyCount "85"]
[EventDate "2024.07.18"]
[EventType "k.o."]

1. Nf3 {Besenthal,Klaus Guenter} Nf6 2. g3 d5 3. Bg2 e6 4. O-O Be7 5. d3 O-O 6. Bf4 Nc6 7. c4 ({RR} 7. d4 b6 8. c4 Bb7 9. Nc3 Na5 10. cxd5 Nxd5 11. Nxd5 Bxd5 12. Qc2 Rc8 13. e4 Bb7 14. Rad1 Qd7 15. Ne5 Qb5 16. Rfe1 Rfd8 17. Bh3 Bb4 18. Re3 Bd6 19. d5 Bxe5 20. Bxe5 Nc4 21. Rb3 Qa4 {Kramnik,V (2812)-Aronian,L (2792) Leuven 2016 CBM 173 [Besenthal,Klaus Guenter] 1-0 (36)}) ({RR} 7. d4 Bd6 8. e3 Bxf4 9. exf4 Ne8 10. h4 Nd6 11. Ne5 Nxe5 12. fxe5 Nf5 13. Bh3 Ne7 14. f4 c5 15. dxc5 b6 16. c6 Nxc6 17. Nd2 Ba6 18. Rf2 Qe7 19. Nb3 Rac8 20. Qd2 Rfd8 21. Bg2 Bc4 {Bodrogi,B (2451)-Palczert,M (2409) Budapest HUN 2025 1-0 (69)}) ({RR} 7. a4 Nh5 8. Bd2 Nf6 9. Bf4 Nh5 10. Bc1 Nf6 11. Nbd2 e5 12. e4 dxe4 13. dxe4 a5 14. c3 Bc5 15. Qc2 h6 16. Nc4 Qe7 17. Nh4 Re8 18. Ne3 Qf8 19. Nef5 Ne7 20. Bd2 Nxf5 21. Nxf5 c6 {Andreikin,D (2729)-Yu Yangyi (2703) Almaty KAZ 2024 ½-½}) 7... d4 8. Na3 Nd7 9. Bd2 $146 ({RR} 9. Nc2 a5 10. b3 e5 11. Bc1 Nc5 12. Ba3 Na6 13. Bxe7 Qxe7 14. e3 dxe3 15. Nxe3 Rd8 16. Nd5 Qd6 17. Ng5 h6 18. Ne4 Qf8 19. f4 exf4 20. Rxf4 Ncb4 21. Nxb4 axb4 22. d4 c6 23. Qh5 Qe7 {Hansen,S (2525)-Bjerre,J (2612) Denmark DEN 2023 ½-½}) 9... e5 10. Rb1 Nb4 11. Bxb4 Bxb4 12. Nc2 Be7 13. b4 a5 14. a3 Re8 15. Re1 c5 16. Nd2 Qc7 17. e3 dxe3 18. Nxe3 cxb4 19. Nd5 Qd8 20. axb4 Bxb4 21. Nxb4 axb4 22. Rxb4 Nc5 23. Rb5 Ra5 24. Rxa5 Qxa5 25. d4 Nd3 26. Re3 Bg4 27. Qxg4 Qxd2 28. Qf5 Nb4 29. Rxe5 Rf8 30. Bxb7 g6 31. Qf3 Qxd4 32. Re4 Qd2 33. Kg2 h5 34. Qe2 Qd7 35. Re7 Qd6 36. Qe5 Qxe5 37. Rxe5 Rb8 38. Rb5 Na2 39. c5 Nc3 40. Rb3 Na4 41. c6 Nc5 42. c7 Re8 43. Bc6 1-0

[Event "Crunchlabs Play-In Match D1"]
[Site "chess.com INT"]
[Date "2024.07.18"]
[Round "2.3"]
[White "Duda, J."]
[Black "Antipov, M2."]
[Result "1-0"]
[WhiteElo "2733"]
[BlackElo "2602"]
[PlyCount "55"]
[EventDate "2024.07.18"]
[EventType "k.o."]

1. Nf3 c5 2. b3 g6 3. Bb2 Nf6 4. g3 Bg7 5. Bg2 d5 6. c4 d4 7. b4 Nfd7 ({RR} 7... Nc6 8. b5 Nb8 9. O-O O-O 10. e3 dxe3 11. fxe3 Nbd7 12. a4 Nb6 13. Na3 a5 14. d4 Ng4 15. Qe2 Bh6 16. Nc2 cxd4 17. Bxd4 Qc7 18. c5 Nd5 19. Rad1 Be6 20. b6 Qc8 21. Nd2 Ngf6 22. Nc4 {Carlsen,M (2832)-Niemann,H (2733) chess.com INT 2024 1-0 (45)}) ({RR} 7... O-O 8. bxc5 Nc6 9. d3 Nd7 10. Nbd2 Nxc5 11. O-O Re8 12. Nb3 Na6 13. Rb1 e5 14. Ba3 f5 15. Ne1 Qc7 16. Nc2 Be6 17. e3 dxe3 18. Nxe3 Qd7 19. Nd5 Rac8 20. Nd2 Nd8 21. Re1 b6 22. Nf1 {Pantsulaia,L (2532)-Iniyan,P (2578) Bengaluru IND 2025 1-0 (56)}) 8. O-O Nc6 9. b5 $146 ({RR} 9. bxc5 Nxc5 10. d3 Rb8 11. Nbd2 O-O 12. Ng5 Bd7 13. Nge4 Nxe4 14. Nxe4 b5 15. cxb5 Rxb5 16. Bc1 Nb4 17. a4 Rb8 18. Bd2 Nd5 19. Rc1 Rb2 20. Rc5 Nc3 21. Nxc3 dxc3 22. Bxc3 Bxc3 23. Rxc3 Qa5 {Kramnik,V (2753)-Antipov,M (2602) chess.com INT 2024 1-0 (38)}) 9... Nce5 10. d3 Nxf3+ 11. exf3 h5 12. h4 Ne5 13. f4 Ng4 14. Nd2 Rb8 15. a4 a5 16. bxa6 bxa6 17. Ba3 Bb7 18. Bxb7 Rxb7 19. Ne4 O-O 20. Nxc5 Rb6 21. a5 Rc6 22. Qa4 Qc8 23. Ne4 Re8 24. Rab1 Qc7 25. Rb6 Rc8 26. Rfb1 Re6 27. Rxe6 fxe6 28. Qb4 1-0

[Event "Crunchlabs Play-In Match D2"]
[Site "chess.com INT"]
[Date "2024.07.18"]
[Round "2.1"]
[White "Deac, Bogdan-Daniel"]
[Black "L'Ami, E."]
[Result "1-0"]
[WhiteElo "2683"]
[BlackElo "2635"]
[PlyCount "117"]
[EventDate "2024.07.18"]
[EventType "k.o."]

1. Nf3 d5 2. g3 Nf6 3. Bg2 g6 4. b3 Bg7 5. Bb2 O-O 6. c4 c6 7. O-O Bg4 8. d4 Nbd7 9. h3 ({RR} 9. Nc3 Qa5 10. Rc1 Bxf3 11. Bxf3 e6 12. e3 Rfc8 13. Qe2 a6 14. Rfd1 b5 15. e4 bxc4 16. bxc4 Rab8 17. e5 Ne8 18. c5 Nc7 19. Rb1 Rb4 20. a3 Rb3 21. Qc2 Rcb8 22. Be2 Nxe5 23. dxe5 Bxe5 {Le,Q (2715)-Melkumyan,H (2660) Chess.com INT 2018 1-0 (54)}) ({RR} 9. Nc3 e6 10. e3 Re8 11. h3 Bxf3 12. Qxf3 Rc8 13. Rfd1 Qb6 14. Qe2 a5 15. Rac1 Qa6 16. Bf1 Nb6 17. Qf3 Qa8 18. g4 h6 19. h4 Nbd7 20. g5 hxg5 21. hxg5 Nh7 22. Qg2 Qb8 23. f4 Qd6 {Shankland,S (2670)-Haug,H (2339) chess.com INT 2025 1-0 (46)}) 9... Bxf3 10. Bxf3 e6 11. Nd2 a5 $146 ({RR} 11... Qe7 12. Qc2 Rac8 13. Rac1 Rfd8 14. e3 Qe8 15. cxd5 cxd5 16. Qb1 Nb8 17. Be2 Rxc1 18. Rxc1 Rc8 19. Nf3 Rxc1+ 20. Qxc1 Qc6 21. Kf1 Nfd7 22. Qxc6 Nxc6 23. Ne1 Bf8 24. Nd3 Nb4 25. Nxb4 Bxb4 26. Bb5 {Paragua,M (2496)-Barbosa,O (2532) New York 2019 ½-½ (31)}) 12. Qc2 Re8 13. e3 e5 14. cxd5 cxd5 15. dxe5 Nxe5 16. Rac1 Nc6 17. Rfd1 Qe7 18. Qb1 Rad8 19. Qa1 Ne5 20. Bxe5 Qxe5 21. Qxe5 Rxe5 22. Nc4 Re7 23. Nxa5 Ra8 24. b4 Rd7 25. a3 h5 26. Rd3 Rad8 27. Rcd1 Bf8 28. g4 hxg4 29. hxg4 g5 30. Kg2 Bg7 31. Nb3 b6 32. Nd4 Ra8 33. Nb5 Rc8 34. Nc3 d4 35. exd4 Ne8 36. Ne4 Bf6 37. Nxf6+ Nxf6 38. Re1 Ne8 39. Re5 f6 40. Re6 Rd6 41. Rde3 Kf7 42. d5 Rcd8 43. Re7+ Kf8 44. Rh7 R6d7 45. Rh8+ Kf7 46. a4 Nd6 47. Rxd8 Rxd8 48. Re6 Nc4 49. Rc6 Nb2 50. Rxb6 Nxa4 51. Rb7+ Kf8 52. Rc7 Nb6 53. Rc6 Nd7 54. b5 Ke7 55. Re6+ Kf7 56. Rc6 Ne5 57. Rc7+ Ke8 58. b6 Rd7 59. b7 1-0

[Event "ch-HUN Blitz 2024"]
[Site "Ajka HUN"]
[Date "2024.07.19"]
[Round "5.1"]
[White "Indjic, A."]
[Black "Kantor, G."]
[Result "1-0"]
[WhiteElo "2610"]
[BlackElo "2520"]
[PlyCount "75"]
[EventDate "2024.07.19"]
[EventType "blitz"]

1. Nf3 d5 2. e3 c5 3. b3 Nc6 4. Bb2 a6 5. d4 Nf6 6. Nbd2 cxd4 7. Nxd4 Bg4 8. Be2 Bxe2 9. Qxe2 Rc8 10. c4 e6 11. O-O Be7 12. Rfd1 $146 ({RR} 12. cxd5 Qxd5 13. Nc4 Nxd4 14. Bxd4 Qb5 15. Qb2 O-O 16. a4 Qh5 17. Nb6 Rcd8 18. Rac1 Bd6 19. h3 e5 20. Bc5 Qf5 21. a5 Qe6 22. Bxd6 Rxd6 23. Rc7 Nd5 24. Rxb7 Nxb6 25. axb6 Rxb6 26. Rxb6 Qxb6 {Eljanov,P (2658)-Deac,B (2692) chess.com INT 2025 0-1 (41)}) 12... O-O 13. Nxc6 Rxc6 14. e4 dxc4 15. Nxc4 Qc8 16. Rac1 Rd8 17. Rxd8+ Bxd8 18. Rd1 Be7 19. f3 h6 20. g3 b5 21. Ne3 Nd7 22. Kg2 Bf6 23. Bxf6 Nxf6 24. Qd2 Rc3 25. Qd8+ Qxd8 26. Rxd8+ Kh7 27. Kf2 g5 28. Ke2 Kg7 29. Kd2 Rc6 30. e5 Ng8 31. Ng4 h5 32. Nf2 Ne7 33. Ne4 Ng6 34. Nxg5 Nxe5 35. f4 Ng4 36. Rd7 Nxh2 37. Nxf7 Rc8 38. Nd6+ 1-0

[Event "Titled Tue 16th Jul Early"]
[Site "chess.com INT"]
[Date "2024.07.16"]
[Round "8"]
[White "Andreikin, D."]
[Black "Iniyan, Pa"]
[Result "1-0"]
[WhiteElo "2729"]
[BlackElo "2533"]
[PlyCount "145"]
[EventDate "2024.07.16"]

1. Nf3 d5 2. g3 Bf5 3. Bg2 e6 4. c4 c6 ({RR} 4... dxc4 5. Nh4 Bxb1 6. Rxb1 c6 7. Qc2 Be7 8. Qxc4 Bxh4 9. Qxh4 Qxh4 10. gxh4 Ne7 11. b4 a6 12. a4 Nd7 13. b5 axb5 14. axb5 Nd5 15. bxc6 bxc6 16. O-O Ke7 17. Bb2 Ra4 18. Rfc1 Kd6 19. h5 {Andreikin,D (2729)-Atanasov,A (2417) chess.com INT 2024 1-0}) 5. cxd5 ({RR} 5. Qb3 Qb6 6. d3 Nd7 7. O-O Ngf6 8. Nc3 Nc5 9. Qxb6 axb6 10. Nd4 Bg6 11. cxd5 exd5 12. Bh3 Be7 13. Be3 O-O 14. a3 b5 15. Rac1 Na4 16. Nxa4 Rxa4 17. Nf5 Bxf5 18. Bxf5 Re8 19. Bd2 g6 {Eljanov,P (2706)-Grachev,B (2593) chess24.com INT 2022 0-1 (39)}) 5... cxd5 6. O-O Nc6 $146 ({RR} 6... h6 7. d3 Nf6 8. Nc3 Be7 9. Qb3 Qb6 10. Qa4+ Nc6 11. e4 dxe4 12. dxe4 Bh7 13. Be3 Qb4 14. Qxb4 Bxb4 15. e5 Nd7 16. Nb5 O-O 17. Rfd1 Ndxe5 18. Nxe5 Nxe5 19. a3 Be7 20. Bxa7 Bd3 21. Bd4 {Piesik,P (2421)-Cuellar Montes,A (2190) chess.com INT 2024 1-0 (65)}) 7. d3 Nf6 8. Nc3 h6 9. Qb3 Qd7 10. Be3 Bd6 11. Nb5 Be7 12. Nbd4 Nxd4 13. Bxd4 O-O 14. Ne5 Qd6 15. Qxb7 Rfb8 16. Qc6 Ng4 17. Qxd6 Bxd6 18. Nc6 Rc8 19. Rfc1 e5 20. h3 exd4 21. Nxd4 Bc5 22. Nxf5 Bxf2+ 23. Kf1 Rxc1+ 24. Rxc1 Be3 25. Rc7 Bb6 26. Bxd5 Bxc7 27. Bxa8 Nf6 28. g4 g6 29. Ne3 Be5 30. Nc4 Bc7 31. e3 h5 32. gxh5 Nxh5 33. d4 f5 34. Ke2 Kf7 35. Bf3 Nf6 36. b4 Ke6 37. a4 g5 38. b5 Bd8 39. a5 g4 40. hxg4 fxg4 41. Bc6 Nd5 42. b6 a6 43. e4 Nb4 44. d5+ Kf7 45. Bd7 g3 46. Kf3 Nd3 47. Kxg3 Nc5 48. Bf5 Bf6 49. e5 Bg5 50. Kf3 Bc1 51. d6 Ke8 52. e6 Bg5 53. Bg6+ Kd8 54. Bf7 Bf6 55. Kf4 Be7 56. dxe7+ Kxe7 57. Ke5 Nb7 58. Kd5 Kd8 59. Kc6 Kc8 60. e7 Nd8+ 61. exd8=Q+ Kxd8 62. b7 Ke7 63. b8=Q Kf6 64. Qb6 Kxf7 65. Qxa6 Kg6 66. Qb5 Kf6 67. a6 Ke6 68. a7 Ke7 69. a8=Q Kf6 70. Qe8 Kg7 71. Qbe5+ Kh6 72. Q8h8+ Kg6 73. Qhg7# 1-0

[Event "Titled Tue 16th Jul Early"]
[Site "chess.com INT"]
[Date "2024.07.16"]
[Round "8"]
[White "Nakamura, Hi"]
[Black "Ivic, Velimir"]
[Result "1-0"]
[WhiteElo "2802"]
[BlackElo "2592"]
[PlyCount "165"]
[EventDate "2024.07.16"]

1. Nf3 Nf6 2. e3 g6 3. b3 Bg7 4. d4 O-O 5. Bb2 d6 6. Be2 b6 7. O-O Bb7 8. c4 Nbd7 9. Qc2 ({RR} 9. d5 c6 10. dxc6 Bxc6 11. Nd4 Bb7 12. Nc3 a6 13. Bf3 Qb8 14. Nc6 Bxc6 15. Bxc6 Ra7 16. g3 Ne5 17. Bg2 b5 18. cxb5 axb5 19. Qe2 b4 20. Na4 Rc8 21. Rac1 Rac7 22. f4 Ned7 23. e4 Nc5 {Alonso,R (2130)-Aldokhin,I (2413) chess.com INT 2025 1-0 (49)}) 9... Re8 ({RR} 9... e5 10. dxe5 dxe5 11. Nxe5 Nxe5 12. Bxe5 Re8 13. Bb2 Qd7 14. Nd2 Rad8 15. Rad1 Qc6 16. Bf3 {1-0 (16) Nakamura,H (2794)-Nihal,S (2669) chess.com INT 2024}) 10. Rd1 $146 ({RR} 10. Nc3 e5 11. d5 Rf8 12. b4 Nh5 13. Nd2 Qg5 14. Nde4 Qh6 15. g4 Nf4 16. exf4 exf4 17. f3 f5 18. Nf2 Ne5 19. Qd2 c6 20. dxc6 Bxc6 21. Nd5 fxg4 22. Bxe5 Bxe5 23. Nxg4 Qg5 24. Kh1 h5 {Lorenzo de la Riva,L (2420)-Tanmay,J (2132) chess.com INT 2023 1-0}) 10... e6 11. Nc3 Qe7 12. e4 e5 13. dxe5 dxe5 14. Nd5 Qd8 15. Nxf6+ Bxf6 16. c5 bxc5 17. Bb5 c6 18. Be2 Qc7 19. Bc1 a5 20. a4 Be7 21. Be3 Nf8 22. Bc4 Bc8 23. Rd3 Ne6 24. Bxe6 Bxe6 25. Bxc5 Rab8 26. Bxe7 Rxe7 27. Rc3 Qb7 28. Rb1 f6 29. Ne1 c5 30. Rxc5 Rc8 31. Nd3 Rec7 32. Rc1 Rxc5 33. Nxc5 Qb6 34. h3 Kh8 35. Qc3 Bf7 36. Qe3 Qb4 37. Kh2 Qd4 38. Qxd4 exd4 39. f3 Rb8 40. Rb1 Rc8 41. Rc1 Rb8 42. Rd1 Rb4 43. Rb1 d3 44. Nxd3 Rxb3 45. Rxb3 Bxb3 46. Nc5 Bc2 47. Kg3 Kg7 48. Kf4 Kf7 49. Ke3 Ke7 50. Kd2 Bb1 51. Nb7 f5 52. e5 Ke6 53. Nxa5 Kxe5 54. Nc4+ Kd4 55. a5 Ba2 56. Nb6 Kc5 57. Nd7+ Kb5 58. Nf6 Kxa5 59. Nxh7 Kb4 60. Ke3 Kc5 61. Kf4 Bc4 62. Nf8 Bf1 63. Kg3 g5 64. Ne6+ Kd6 65. Nxg5 Ke5 66. f4+ Kf6 67. Kf2 Bc4 68. g3 Bb5 69. Ke3 Bf1 70. Kd4 Bg2 71. Kc5 Ke7 72. Kc4 Bf1+ 73. Kc3 Bg2 74. Kd3 Kf6 75. Ke2 Ke7 76. Kf2 Bc6 77. Nf3 Be4 78. Nd2 Bd5 79. Nf1 Kf6 80. g4 fxg4 81. hxg4 Be6 82. Ne3 Bc8 83. Kg3 1-0

[Event "Titled Tue 16th Jul Early"]
[Site "chess.com INT"]
[Date "2024.07.16"]
[Round "11"]
[White "Andreikin, D."]
[Black "Pranav, V."]
[Result "1-0"]
[WhiteElo "2729"]
[BlackElo "2620"]
[PlyCount "95"]
[EventDate "2024.07.16"]

1. Nf3 Nf6 2. g3 d5 3. Bg2 c6 4. O-O Bg4 5. c4 Nbd7 6. cxd5 cxd5 7. Nc3 e6 8. d3 Bd6 ({RR} 8... a6 9. h3 Bh5 10. e4 d4 11. Ne2 Bxf3 12. Bxf3 e5 13. Bd2 Bd6 14. b4 O-O 15. Qb3 a5 16. bxa5 Bc7 17. Qxb7 Bxa5 18. Bg5 h6 19. Bxf6 Qxf6 20. Bg4 Nc5 21. Qb5 Qb6 22. Rfb1 Rfb8 23. Qc4 {Ivanchuk,V (2768)-Aronian,L (2805) Ningbo 2011 ½-½ (31)}) 9. Be3 ({RR} 9. h3 Bxf3 10. Bxf3 O-O 11. e4 dxe4 12. dxe4 Qe7 13. Bg2 Rfd8 14. Qe2 Rac8 15. f4 e5 16. a3 Nc5 17. Rb1 Nb3 18. Be3 Bc5 19. Bxc5 Qxc5+ 20. Kh2 Nd2 21. Rbd1 Nxf1+ 22. Rxf1 a6 23. f5 Qc4 {Yang,K (2096)-Pranav,V (2609) chess.com INT 2024 0-1 (33)}) 9... O-O 10. Qb3 Bxf3 $146 ({RR} 10... Qe7 11. Nb5 Bc5 12. Bxc5 Qxc5 13. Rfc1 Qb6 14. Nc7 Rac8 15. Qxb6 axb6 16. Nb5 Rc5 17. Nd6 Bxf3 18. Bxf3 Rb8 19. d4 Rc6 20. Nb5 Rbc8 21. Rc3 Rxc3 22. Nxc3 Kf8 23. e3 Ke7 24. Be2 Ne4 25. Rc1 {Mendonca,L (2452)-Koustav,C (2431) Chess.com INT 2020 ½-½ (31)}) 11. Bxf3 Ne5 12. Bg2 Qe7 13. Nb5 Bb8 14. Rac1 Rd8 15. Rc2 a6 16. Bc5 Qe8 17. Nd4 Ned7 18. Qxb7 Be5 19. Nc6 Nxc5 20. Rxc5 Rd7 21. Qb3 Bd6 22. Rc2 h5 23. e4 dxe4 24. dxe4 e5 25. Rd1 Bf8 26. Rxd7 Nxd7 27. Bh3 Nf6 28. Qb7 g6 29. b4 Kg7 30. a4 Bd6 31. Rd2 Nxe4 32. Rd5 a5 33. Bg2 Rc8 34. b5 Nc5 35. Qa7 Qf8 36. Qxa5 Ne6 37. Qd2 Bc7 38. a5 Nd4 39. Nxd4 exd4 40. Qxd4+ Kh7 41. b6 Bb8 42. Rd7 Rc1+ 43. Bf1 Re1 44. Kg2 Be5 45. Qd5 Kg7 46. a6 Rc1 47. a7 Bf6 48. a8=Q 1-0

[Event "Titled Tue 16th Jul Late"]
[Site "chess.com INT"]
[Date "2024.07.16"]
[Round "3"]
[White "Fedoseev, Vl3"]
[Black "Hansen, SuB"]
[Result "1-0"]
[WhiteElo "2687"]
[BlackElo "2520"]
[PlyCount "59"]
[EventDate "2024.07.16"]

1. Nf3 d5 2. b3 Nf6 3. Bb2 Bf5 4. Nh4 Bg6 5. g3 ({RR} 5. Nxg6 hxg6 6. e3 e6 7. c4 c6 8. g3 Nbd7 9. Nc3 Bd6 10. Qe2 Qe7 11. Rd1 Ba3 12. Ba1 Bb4 13. Bg2 O-O 14. O-O Rfe8 15. f4 Rad8 16. g4 Bxc3 17. Bxc3 e5 18. Ba1 Qe6 19. g5 Ne4 {Grischuk,A (2752)-Tomashevsky,E (2724) Novosibirsk 2016 ½-½ (45)}) 5... Nbd7 6. Nxg6 hxg6 7. c4 ({RR} 7. Bg2 e5 8. c4 c6 9. cxd5 cxd5 10. Nc3 d4 11. Nd5 Nxd5 12. Bxd5 Qb6 13. e3 O-O-O 14. Bxf7 Qf6 15. Bc4 Bb4 16. Qg4 Kb8 17. O-O Nb6 18. Be2 Rhf8 19. exd4 exd4 20. Rad1 Bc5 21. Bd3 g5 {Petrovic,A (2294)-Lacan Rus,D (2390) Belgrade SRB 2025 0-1 (40)}) 7... c6 $146 ({RR} 7... e6 8. Bg2 c6 9. O-O Bd6 10. d3 Qe7 11. a3 O-O-O 12. b4 dxc4 13. dxc4 Be5 14. Nc3 Nb6 15. Qb3 Rd2 16. Bc1 Nxc4 17. Rb1 Rd4 18. e3 Nd2 19. exd4 Bxg3 20. hxg3 Nxb3 21. Rxb3 Qd6 22. b5 {Thybo,J (2592)-Kosakowski,J (2442) Cappelle la Grande 2022 1-0}) 8. cxd5 cxd5 9. Bg2 e6 10. O-O Bc5 11. d4 Bb4 12. Nc3 Rc8 13. Qd3 Qa5 14. Rfc1 O-O 15. a3 Bxc3 16. Bxc3 Qb6 17. Bd2 a6 18. a4 Qd6 19. Ba5 Rfe8 20. Qd2 Nb8 21. Bb4 Qd7 22. Ba3 Nc6 23. e3 Ne4 24. Qd3 Nd6 25. h4 Rc7 26. Bc5 Rec8 27. Bb6 Nb4 28. Rxc7 Rxc7 29. Qd2 Nc2 30. Rc1 1-0

[Event "Titled Tue 16th Jul Late"]
[Site "chess.com INT"]
[Date "2024.07.16"]
[Round "8"]
[White "Carlsen, M."]
[Black "Sarana, A."]
[Result "1-0"]
[WhiteElo "2832"]
[BlackElo "2717"]
[PlyCount "135"]
[EventDate "2024.07.16"]

1. Nf3 d5 2. g3 g6 3. Bg2 Bg7 4. O-O e5 5. d3 Nc6 6. e4 dxe4 7. dxe4 Qxd1 8. Rxd1 Bg4 9. c3 Rd8 ({RR} 9... Nf6 10. h3 Be6 11. Ng5 Bd7 12. Nd2 h6 13. Ngf3 O-O-O 14. Re1 Be6 15. Bf1 Nd7 16. Nb3 a5 17. Be3 a4 18. Nbd2 Bf8 19. b4 axb3 20. axb3 Bc5 21. Bxc5 Nxc5 22. b4 Nd7 23. Nc4 f6 24. Ra8+ {Carlsen,M (2830)-Wei Yi (2755) Warsaw POL 2024 1-0 (58)}) ({RR} 9... Nf6 10. h3 Be6 11. Ng5 Bd7 12. Nd2 h6 13. Ngf3 O-O-O 14. Re1 Be6 15. Bf1 Ne8 16. Kg2 Nd6 17. b4 Rhe8 18. Nh4 g5 19. Nhf3 f5 20. b5 Na5 21. exf5 Bd5 22. g4 c5 23. bxc6 Nxc6 24. Bb2 {Petriashvili,N (2450)-Lumachi,G (2450) Trieste ITA 2025 ½-½ (39)}) ({RR} 9... Nf6 10. h3 Be6 11. Be3 h6 12. Nbd2 O-O-O 13. b4 Nd7 14. a4 a5 15. b5 Ncb8 16. c4 Bf8 17. c5 Bxc5 18. Bxc5 Nxc5 19. Nxe5 Rd4 20. b6 cxb6 21. Ndc4 Rxc4 22. Nxc4 Bxc4 23. Rac1 Be6 24. f4 {Maltsevskaya,A (2374)-Sarana,A (2699) chess.com INT 2024 0-1 (31)}) 10. Nbd2 $146 ({RR} 10. Rxd8+ Nxd8 11. Na3 f6 12. Nc4 Bh6 13. Ne3 Be6 14. Ne1 Nf7 15. Nd3 Ne7 16. b3 Kf8 17. Nd5 Bxd5 18. exd5 Bxc1 19. Rxc1 b6 20. c4 Kg7 21. c5 Rd8 22. Nb4 a5 23. Na6 Rc8 24. f4 f5 {Vachier Lagrave,M (2758)-Edouard,R (2692) Saint Quentin 2014 1-0 (34)}) 10... Nf6 11. Re1 h6 12. Nc4 Nd7 13. Ne3 Be6 14. Nd5 Rc8 15. Be3 Nb6 16. Rad1 O-O 17. b3 Rfe8 18. c4 Bg4 19. h3 Bxf3 20. Bxf3 Nd4 21. Bxd4 exd4 22. Bg4 Nxd5 23. Bxc8 Nc3 24. Bxb7 Nxd1 25. Rxd1 Rb8 26. Bd5 Rb6 27. c5 Rb5 28. Rc1 Bf8 29. c6 Rc5 30. Rc4 Rxc4 31. Bxc4 Bc5 32. Kf1 Kf8 33. Ke2 Ke7 34. e5 f6 35. f4 g5 36. Kd3 gxf4 37. gxf4 fxe5 38. fxe5 a5 39. Ke4 Bb6 40. Kd5 Ba7 41. Bd3 Bb6 42. Bf5 d3 43. Bxd3 Be3 44. Bf5 Bf4 45. Bd3 Bg3 46. Bc4 Bf4 47. a3 Bc1 48. b4 axb4 49. a4 Bd2 50. Bb3 Be3 51. a5 Bf2 52. Ke4 Bg3 53. Bd5 Bh2 54. Kd4 Bg3 55. a6 Bf2+ 56. Kc4 Kd8 57. Kxb4 Ke7 58. Kc4 Ba7 59. Kd3 Bb6 60. Ke4 Ba7 61. Kf5 Be3 62. Kg6 Ke8 63. Kf6 Kf8 64. Ke6 Ke8 65. Be4 Bd4 66. Bg6+ Kd8 67. Kf7 Kc8 68. e6 1-0

[Event "TCh-TUR Super League 2024"]
[Site "Ankara TUR"]
[Date "2024.07.15"]
[Round "2.46"]
[White "Dastan, B."]
[Black "Dardha, Daniel"]
[Result "1-0"]
[WhiteElo "2553"]
[BlackElo "2629"]
[PlyCount "111"]
[EventDate "2024.07.14"]
[WhiteTeam "TURK HAVA YOLLARI SPOR KULUBU"]
[BlackTeam "GOKTURK SATRANC SPOR KULUBU"]

1. Nf3 d5 2. g3 Nd7 3. d4 Nb6 4. Bg2 Bf5 5. O-O e6 6. Nbd2 Be7 7. b3 ({RR} 7. c4 c6 8. Qb3 Qc8 9. a4 h6 10. a5 Nd7 11. cxd5 cxd5 12. e4 dxe4 13. Nh4 Bxh4 14. Nxe4 Be7 15. Bf4 Bxe4 16. Bxe4 Ngf6 17. Rfc1 Nc5 18. Rxc5 Bxc5 19. Bxb7 Qd7 20. dxc5 O-O 21. c6 Qe7 {Andreikin,D (2726)-Alekseenko,K (2696) Chess.com INT 2020 1-0 (33)}) 7... Nf6 8. Bb2 Ne4 $146 ({RR} 8... O-O 9. Ne5 c6 10. c4 a5 11. c5 Nbd7 12. a3 Nxe5 13. dxe5 Nd7 14. b4 Qc7 15. f4 axb4 16. axb4 Rxa1 17. Bxa1 b6 18. e4 Bxe4 19. Nxe4 dxe4 20. Bxe4 bxc5 21. f5 cxb4 22. Qh5 exf5 23. Rxf5 {Rakshitta,R (2172)-Panesar,V (2291) Novi Sad 2021 0-1 (33)}) ({RR} 8... h6 9. Ne5 O-O 10. c4 c6 11. e3 Nbd7 12. Qe2 a5 13. a3 Bh7 14. Rfc1 Qb6 15. f4 Nxe5 16. fxe5 Nd7 17. Kh1 Rae8 18. Bc3 f6 19. Bh3 Bd8 20. c5 Qc7 21. exf6 Bxf6 22. e4 e5 23. exd5 {Rasti,A (2232)-Le Tuan Minh (2598) chess.com INT 2025 1-0 (51)}) 9. Ne5 O-O 10. Nxe4 Bxe4 11. f3 Bg6 12. e4 c5 13. Nxg6 hxg6 14. dxc5 Bxc5+ 15. Kh1 Qe7 16. Qe2 Ba3 17. Bd4 Bc5 18. Bb2 Ba3 19. Bd4 e5 20. Bxb6 axb6 21. exd5 f5 22. d6 Bxd6 23. Qc4+ Kh7 24. Qe2 Bb4 25. a4 Rfd8 26. Rfd1 Qc5 27. Bf1 Rac8 28. Rxd8 Rxd8 29. Rd1 Rxd1 30. Qxd1 Qc3 31. Bc4 Kh6 32. Kg2 e4 33. fxe4 Qe3 34. Qf3 Qxe4 35. Qxe4 fxe4 36. Bd5 e3 37. Kf3 Bd2 38. Bxb7 Kg5 39. Be4 Kf6 40. Bd3 g5 41. Ke4 Bc3 42. Kd5 Ke7 43. Kc6 Bd4 44. Be2 Kd8 45. Bg4 e2 46. Bxe2 Kc8 47. Bf3 Kb8 48. Kb5 Kc7 49. a5 bxa5 50. Kxa5 g4 51. Bxg4 Bg1 52. Bf3 Bxh2 53. g4 Kd6 54. b4 Kc7 55. c4 Bf4 56. c5 1-0

[Event "TCh-TUR Super League 2024"]
[Site "Ankara TUR"]
[Date "2024.07.17"]
[Round "4.7"]
[White "Mamedov, Rau"]
[Black "Sankalp, Gupta"]
[Result "1-0"]
[WhiteElo "2652"]
[BlackElo "2551"]
[PlyCount "86"]
[EventDate "2024.07.14"]
[WhiteTeam "APAYDIN SATRANC SPOR KULUBU"]
[BlackTeam "ROTA KOLEJI SPOR KULUBU"]

1. Nf3 d5 2. g3 Nc6 3. d4 Bf5 4. c4 e6 5. Bg2 Nb4 6. O-O Nc2 7. cxd5 Nxa1 8. e4 Bxe4 9. dxe6 fxe6 10. Nc3 Bxf3 11. Qxf3 Nf6 ({RR} 11... Nc2 12. Qh5+ g6 13. Qe5 Nf6 14. Bxb7 Rb8 15. Qxe6+ Qe7 16. Bc6+ Kd8 17. Qh3 Bg7 18. a3 Rb6 19. d5 Nd4 20. Be3 Nf5 21. Bxb6 axb6 22. Rd1 Ne4 23. d6 Nexd6 24. Qg4 Bxc3 25. bxc3 Qe5 26. Qg5+ {Kobo,O (2525)-Pasztor,B (2407) Eforie Nord ROU 2025 0-1 (41)}) 12. Qe2 Be7 $146 ({RR} 12... Kf7 13. Re1 Qd7 14. Bh3 Re8 15. Bg5 Bb4 16. Bxf6 Bxc3 17. bxc3 gxf6 18. Bg4 Re7 19. Bh5+ Kf8 20. Qf3 f5 21. Rxa1 Kg7 22. Qxb7 c5 23. Qf3 cxd4 24. Qf4 Rd8 25. cxd4 Kh8 26. Re1 Qxd4 27. Rd1 {Kozganbayev,E (2316)-Moiseenko,A (2573) Astana KAZ 2023 0-1 (54)}) 13. Bxb7 Rb8 14. Bc6+ Kf7 15. d5 exd5 16. Nxd5 Qd6 17. Re1 Qxc6 18. Qxe7+ Kg8 19. Bh6 Nh5 20. Qe4 Qxh6 21. Qc4 Qd6 22. Nxc7+ Kf8 23. Ne6+ Ke7 24. Ng5+ Kd7 25. Qf7+ Kc6 26. Re6 Nf6 27. Rxd6+ Kxd6 28. Qxg7 Rhf8 29. Qxa7 Rbe8 30. Qd4+ Kc7 31. Kg2 h6 32. Qc5+ Kd7 33. Nf3 Rc8 34. Qb5+ Ke7 35. Qb7+ Kd6 36. Qb4+ Ke6 37. Qe1+ Kf7 38. Qxa1 Rc2 39. Qd1 Rxb2 40. Qd4 Rc2 41. Ne5+ Ke6 42. Ng4 Rc6 43. Qe3+ Kd6 1-0